Derbyshire Train Stations - Statistics

General Stats
  • This quiz has been taken 40 times
  • The average score is 22 of 38
Answer Stats
Operator Station % Correct
East Midlands Railway Derby
97%
East Midlands Railway Chesterfield
90%
Northern Buxton
84%
East Midlands Railway Matlock
81%
Northern Glossop
77%
Northern Alfreton
74%
Northern Ilkeston
74%
East Midlands Railway Long Eaton
74%
East Midlands Railway Matlock Bath
71%
East Midlands Railway Belper
68%
Northern Dronfield
68%
Northern Edale
68%
Northern Hope
65%
East Midlands Railway Spondon
65%
East Midlands Railway Ambergate
61%
East Midlands Railway Peartree
61%
East Midlands Railway Duffield
58%
Northern Hathersage
58%
Northern New Mills Central
58%
East Midlands Railway Cromford
55%
Northern Grindleford
55%
CrossCountry Willington
55%
Northern Chinley
52%
Northern Hadfield
52%
Northern New Mills Newtown
52%
East Midlands Railway Whatstandwell
52%
Northern Bamford
48%
Northern Chapel-en-le-Frith
48%
Northern Dove Holes
48%
Northern Langley Mill
48%
East Midlands Railway Tutbury & Hatton
48%
Northern Dinting
42%
Northern Whaley Bridge
39%
East Midlands Railway Creswell
32%
Northern Furness Vale
32%
East Midlands Railway Shirebrook
32%
East Midlands Railway Whitwell
32%
East Midlands Railway Langwith-Whaley Thorns
29%
No matching quizzes found
Score Distribution
Percent of People with Each Score
Percentile by Number Answered
Your Score History
You have not taken this quiz